00357nam a2200145Ia 4500008004100000020001500041082001300056100001300069245003800082250000800120260002900128300001300157500002500170650001600195230524s9999 xx 000 0 und d a8121903459 a510bBAS aH.K.Dass 0aAdvanced Engineering Mathematics a1ST aNEW DELHIbS.Chandc2004 aXVI;1152 aQuantity Number: 95 aMathematics